50 Cantoras Brasileiras - Statistics

Estatísticas Gerais
  • Esse quiz foi jogado 150 vezes
  • A pontuação média é 21 de 50
Estatísticas das Respostas
Resposta % Correto
Anitta
86%
Ivete Sangalo
81%
Ângela Maria
77%
Cláudia Leitte
70%
Marília Mendonça
70%
Simone
69%
Gal Costa
67%
Elis Regina
66%
Ludmilla
66%
Maria Rita
66%
Alcione
65%
Maria Bethânia
60%
Paula Fernandes
57%
Rita Lee
57%
Sandra de Sá
56%
Cássia Eller
53%
Luísa Sonza
52%
Marisa Monte
51%
Ana Carolina
50%
Sandy
50%
Pitty
49%
Ana Castela
45%
Daniela Mercury
43%
Elza Soares
43%
Vanessa da Mata
41%
Joelma
40%
Elba Ramalho
38%
Iza
38%
Adriana Calcanhotto
35%
Fafá de Belém
35%
Beth Carvalho
34%
Wanessa Camargo
33%
Marina Lima
32%
Zélia Duncan
32%
Roberta Miranda
31%
Paula Toller
30%
Luiza Possi
27%
Clara Nunes
26%
Marina Sena
26%
Simone Mendes
25%
Fernanda Abreu
20%
Lauana Prado
20%
Carmen Miranda
17%
Nana Caymmi
16%
Vanusa
16%
Joana
15%
Manu Gavassi
15%
Maysa
14%
Emilinha Borba
11%
Celly Campello
7%
Nenhum quiz correspondente encontrado
Distribuição das Pontuações
Porcentagem de Pessoas com Cada Pontuação
Percentil de Números Respondidos
Sua Pontuação Histórica
Você não jogou esse quiz